Pozorovatel /

Třetí detektivní případ, v němž v hlavní roli vystupuje doktorka Connie Woolwineová, nekonvenční americká forenzní psycholožka.

Uloženo v:
Série:Connie Woolwine, část 3
Hlavní autor: Fields, Helen, 1969- (Autor)
Korporativní autor: Nakladatelství Kniha Zlin
Další autoři: Knapová, Nela (Autor)
Médium: Kniha
Jazyk:Czech
Vydáno: Praha : Kniha Zlín, 2026
Vydání:Vydání první
Témata:
Celkem bylo vypůjčeno:0x
Příbuzné jednotky:Z cyklu:: Connie Woolwine
Tagy:
Žádné tagy
LEADER 02298nam a2200457 i 4500
001 106349
003 CZ PrNK
005 20260514101758.0
007 ta
008 260427s2026 xr g 000 f cze
015 |a cnb003754551 
020 |a 9788025911174  |q (vázáno) 
040 |a ABG001  |b cze  |e rda 
041 1 |a cze  |h eng 
072 7 |a 821.111-3  |x Anglická próza, anglicky psaná  |2 Konspekt  |9 25 
080 |a 821.111-31  |2 MRF 
080 |a (0:82-312.4)  |2 MRF 
100 1 |a Fields, Helen,  |d 1969-  |7 xx0224480  |4 aut  |9 108995 
240 1 0 |a Watching you.  |l Česky 
245 1 0 |a Pozorovatel /  |c Helen Fieldsová ; přeložila Nela Knapová 
250 |a Vydání první 
264 1 |a Praha :  |b Kniha Zlín,  |c 2026 
300 |a 321 stran ;  |c 21 cm 
336 |a text  |b txt  |2 rdacontent 
337 |a bez média  |b n  |2 rdamedia 
338 |a svazek  |b nc  |2 rdacarrier 
500 |a Přeloženo z angličtiny 
520 2 |a Třetí detektivní případ, v němž v hlavní roli vystupuje doktorka Connie Woolwineová, nekonvenční americká forenzní psycholožka.  |b V ulicích Edinburghu číhá vrah. Když je nalezeno první tělo, je to teprve začátek - brzy jich bude osm. V nemocnici truchlí chirurgyně Beth Waterfallová, jejíž jediná dcera se před rokem stala obětí stalkera. A teď se zdá, že tentýž člověk jde po ní. Policie je zoufalá, množící se vraždy spolu vůbec nesouvisejí. Forenzní psycholožka Connie Woolwineová a Brodie Baarda se přesto domnívají, že jsou dílem jednoho člověka. Čas se krátí. A Beth je další na řadě. Dokáže ji seržant Lively ochránit? Nakladatelská anotace. 
655 7 |a anglické romány  |7 fd131814  |2 czenas  |9 53421 
655 7 |a detektivní romány  |7 fd132010  |2 czenas  |9 53536 
655 7 |a thrillery (romány)  |7 fd184206  |2 czenas  |9 54254 
655 9 |a English fiction  |2 eczenas 
655 9 |a detective novels  |2 eczenas 
655 9 |a thrillers (novels)  |2 eczenas 
700 1 |a Knapová, Nela  |7 ola2015884249  |4 trl  |9 27386 
710 2 |a Nakladatelství Kniha Zlin  |7 xx0231594  |9 117179 
787 0 8 |i Z cyklu:  |t Connie Woolwine  |g 3 
910 |a UOG502 
942 |2 ddc  |c KN 
999 |d 106349 
993 |0 0  |1 421180107070  |2 ddc  |4 0  |7 0  |9 99732  |b 0  |c 107070  |d 2026-05-14  |e 0  |f DOSP  |h 469.00  |i Koupě  |l DOSP  |r 2026-05-15  |t 6  |w 2026-05-14  |y KN  |z KRIMI  |n